00729nam a2200217 a 450000100060000000300090000600800410001501500210005602000180007704000280009504100120012308200170013510000260015224501200017824600540029825000120035226000410036430000320040565000500043770000240048725206CO-ViMGA141112s2004 ck r 000 u spa d ack - 2012 - xxxx a9789583040290 aCO-ViMGAbspacCO-ViMGA aspa fre04a372.52 Ch11m1 aCharbonneau, Isabelle10a95 mandalas infantiles para colorear / c[creación de los mandalas por Isabelle Charbonneau y Valérie Lachance] aNoventa y cinco mandalas infantiles para colorear a1a. ed. aBogotá : bPanAméricana, cc2012 a101 p. : todas il. ; 29 cm.14aLibros para colorear - Enseñanza preescolar1 aLachance, Valérie